Dieux de l'Olympe - Statistiques

Statistiques générales
  • Ce quiz a été pris 352 fois
  • Le résultat moyen est 11 sur 14
Statistiques - réponses
Hint Réponse % Correct
1 Zeus
100%
2 Poséidon
93%
10 Athéna
92%
3 Hadès
90%
6 Héra
84%
9 Hermès
83%
11 Aphrodite
82%
13 Arès
79%
7 Apollon
76%
8 Artémis
76%
12 Héphaïstos
67%
14 Dionysos
65%
4 Déméter
62%
5 Hestia
45%
Aucun quiz correspondant
Distribution des résultats
% des personnes avec chaque résultat
Percentile par nombre de réponses
Votre historique - résultats
Vous n’avez pas pris ce quiz